Коррозионная стойкость модифицированного кремнием никелида титана в искусственных биологических средах; Перспективные материалы с иерархической структурой для новых технологий и надежных конструкций

Detalhes bibliográficos
Parent link:Перспективные материалы с иерархической структурой для новых технологий и надежных конструкций.— 2015.— [С. 55-56]
Autor Corporativo: Национальный исследовательский Томский политехнический университет (ТПУ) Институт физики высоких технологий (ИФВТ) Кафедра общей химии и химической технологии (ОХХТ)
Outros Autores: Кашин О. А., Лотков А. И., Абрамова П. В. Полина Владимировна, Коршунов А. В. Андрей Владимирович, Кудряшов А. Н., Борисов Д. П.
Resumo:Заглавие с экрана
Idioma:russo
Publicado em: 2015
Colecção:Научные основы разработки материалов с многоуровневой иерархической структурой
Assuntos:
Acesso em linha:http://www.ispms.ru/files/Conference/2015/tezis_2015.pdf#page=55
Formato: MixedMaterials Recurso Electrónico Capítulo de Livro
KOHA link:https://koha.lib.tpu.ru/cgi-bin/koha/opac-detail.pl?biblionumber=645971

MARC

LEADER 00000nla2a2200000 4500
001 645971
005 20231213145627.0
035 |a (RuTPU)RU\TPU\network\11076 
035 |a RU\TPU\network\11073 
090 |a 645971 
100 |a 20160205d2015 k y0rusy50 ca 
101 0 |a rus 
102 |a RU 
105 |a a z 101zy 
135 |a drgn ---uucaa 
181 0 |a i  
182 0 |a b 
200 1 |a Коррозионная стойкость модифицированного кремнием никелида титана в искусственных биологических средах  |f О. А. Кашин [и др.] 
203 |a Текст  |c электронный 
225 1 |a Научные основы разработки материалов с многоуровневой иерархической структурой 
300 |a Заглавие с экрана 
337 |a Adobe Reader 
463 1 |0 (RuTPU)RU\TPU\network\11053  |t Перспективные материалы с иерархической структурой для новых технологий и надежных конструкций  |o тезисы докладов Международной конференции, 21-25 сентября 2015 г., Томск  |f Российская академия наук (РАН), Сибирское отделение (СО), Институт физики прочности и материаловедения (ИФПМ)  |v [С. 55-56]  |d 2015 
610 1 |a электронный ресурс 
610 1 |a труды учёных ТПУ 
610 1 |a коррозионная стойкость 
610 1 |a кремний 
610 1 |a никелид титана 
610 1 |a искусственные среды 
610 1 |a биологические среды 
701 1 |a Кашин  |b О. А. 
701 1 |a Лотков  |b А. И. 
701 1 |a Абрамова  |b П. В.  |c химик  |c доцент Томского политехнического университета, кандидат химических наук  |f 1988-  |g Полина Владимировна  |3 (RuTPU)RU\TPU\pers\30187  |9 14581 
701 1 |a Коршунов  |b А. В.  |c химик  |c профессор Томского политехнического университета, кандидат химических наук  |f 1970-  |g Андрей Владимирович  |3 (RuTPU)RU\TPU\pers\25489 
701 1 |a Кудряшов  |b А. Н. 
701 1 |a Борисов  |b Д. П. 
712 0 2 |a Национальный исследовательский Томский политехнический университет (ТПУ)  |b Институт физики высоких технологий (ИФВТ)  |b Кафедра общей химии и химической технологии (ОХХТ)  |3 (RuTPU)RU\TPU\col\21253 
801 1 |a RU  |b 63413507  |c 20101016 
801 2 |a RU  |b 63413507  |c 20160205  |g RCR 
856 4 |u http://www.ispms.ru/files/Conference/2015/tezis_2015.pdf#page=55 
942 |c CF